Statystyki dla Gminy w powiecie Leżajskim

Kliknij tutaj aby rozwiązać quiz!

Ogólne statystyki

  • Ten quiz został rozwiązany 23 razy
  • Średni wynik to 4 z 5

Statystyki odpowiedzi

RodzajGmina% Poprawnych
MiejskaLeżajsk
100%
WiejskaLeżajsk
100%
Miejsko-wiejskaNowa Sarzyna
84%
WiejskaGrodzisko Dolne
63%
WiejskaKuryłówka
58%

Rozkład punktacji

Percentyl według liczby udzielonych odpowiedzi

Procent ludzi z każdym wynikiem

Twoja historia wyników

Nie rozwiązałeś tego quizu